Etimología de la lengua castellana / (Record no. 119272)

MARC details
000 -LEADER
campo de control de longitud fija 00531nam a2200181 i 4500
001 - NÚMERO DE CONTROL
campo de control 119272
003 - IDENTIFICADOR DE NÚMERO DE CONTROL
campo de control ES-MaACL
005 - FECHA Y HORA DE LA ÚLTIMA TRANSACCIÓN
campo de control 20240312170615.0
007 - CAMPO FIJO DE DESCRIPCIÓN FÍSICA--INFORMACIÓN GENERAL
campo de control de longitud fija t|
008 - DATOS DE LONGITUD FIJA--INFORMACIÓN GENERAL
campo de control de longitud fija 070214s1933 ec |||| | spa d
100 1# - ENTRADA PRINCIPAL--NOMBRE DE PERSONA
Nombre de persona Pérez Guerrero, Alfredo.
9 (RLIN) 90923
245 10 - MENCIÓN DEL TÍTULO
Título Etimología de la lengua castellana /
Mención de responsabilidad, etc. Alfredo Pérez Guerrero.
260 ## - PUBLICACIÓN, DISTRIBUCIÓN, ETC.
Lugar de publicación, distribución, etc. Quito (Ecuador) :
Nombre del editor, distribuidor, etc. Gutemberg,
Fecha de publicación, distribución, etc. 1933.
300 ## - DESCRIPCIÓN FÍSICA
Extensión 318 p. ;
Dimensiones 21 cm.
650 04 - PUNTO DE ACCESO ADICIONAL DE MATERIA--TÉRMINO DE MATERIA
Término de materia o nombre geográfico como elemento de entrada Lengua española-
Subdivisión general Etimología
9 (RLIN) 14156
852 ## - LOCALIZACIÓN
Ubicación ES-MaACL
Número de control de estantería A-1661
Holdings
Estatus retirado Estado de pérdida Estado de daño No para préstamo Biblioteca de origen Biblioteca actual Ubicación en estantería Fecha de adquisición Fuente de adquisición Total de préstamos Signatura topográfica completa Código de barras Visto por última vez Precio de reemplazo Tipo de ítem Koha
        Biblioteca del Ateneo de Madrid Biblioteca del Ateneo de Madrid Sala Pecera Planta 1 17/01/2008     A-1661 1124333 23/02/2023 23/02/2023 Libro impreso